Breve historia de la Filosofía
Guardat en:
| Autor principal: | |
|---|---|
| Format: | Llibre |
| Idioma: | espanyol |
| Publicat: |
Barcelona
Herder
1964
|
| Edició: | 1a. ed |
| Matèries: | |
| Etiquetes: |
Afegir etiqueta
Sense etiquetes, Sigues el primer a etiquetar aquest registre!
|
MARC
| LEADER | 00000cam a2200000 a 4500 | ||
|---|---|---|---|
| 001 | UCE0928 | ||
| 003 | CL-VaPUC | ||
| 008 | 140317e19640000sp |||||||||||||||||spa|d | ||
| 082 | 0 | 4 | |a 109 |b HIR |2 21 |
| 100 | |a Hirschberger, Johannes |e author |9 492494 | ||
| 245 | 1 | 0 | |a Breve historia de la Filosofía |
| 250 | |a 1a. ed | ||
| 300 | |a 328 p | ||
| 942 | |c BK | ||
| 945 | |d 20140317 10:17:00 |a dcastane | ||
| 260 | |a Barcelona |b Herder |c 1964 | ||
| 650 | 0 | |a Historia de la filosofía |9 256920 | |
| 650 | 0 | |a Filósofos |9 269126 | |
| 650 | 0 | |a Escuelas filosóficas |9 266232 | |
| 583 | |a last modification |c 20140317 10:17:00 |k Rodrigo Vera | ||
| 999 | |c 354929 |d 354927 | ||
| 952 | |0 0 |1 0 |3 erb |4 0 |6 109_000000000000000_HIR_1964 |7 0 |8 A |9 461160 |a BIBTEO |b BIBTEO |i 5050251 |o 109 HIR 1964 |p 5050251 |r 2025-01-17 |w 2019-11-23 |y BK |z Catalogado en:20140317 |k ICR | ||